LEADER 00738nam a2200193 i 4500 001 000000235861 003 CaOOAMICUS 005 20141117000000.0 008 141117s1801 it u000 u ita u 013 $a214765 026 $aditi r-l- noe. cipa (3) 1801 (R) 040 $aSeMil$bita 245 10$aTomo 2. 300 $a210 p. 500 $aSegn. : A-N8 chi1. 773 0 $tDiscorsi sopra il Vangelo delle domeniche secondo il rito ambrosiano opera postuma di Gio. Angelo Giudici oblato proposto d'Arcisate. Tomo 1. [-2.].$dMilano : Presso Giuseppe Galeazzi, 1831.$g2$w()30973 850 $aSeMil 852 $aSeMil$W1$xVenegono$y1$m3C II 16 FA$j186207$B186207$CSeMilBibl$Z2$F197078 $8I 996 $6245$aTomo 2$9(OLS)http://semarc/title/49331 LEADER 00814nam a2200229 i 4500 001 000000053832 003 CaOOAMICUS 005 20070824000000.0 008 070824s1986 it u000 u ita u 013 $a25004 040 $aSeMil$bita 100 1 $aKis, Danilo <1935->.$0(OLS)http://semarc/name/26636 245 10$aGiardino, cenere /$cDanilo Kis. 260 $aMilano :$bAdelphi,$ccopyr. 1986. 300 $a187 p. ;$c22 cm. 490 0 $aFabula [Adelphi] ;$v10 830 0$aFabula ;$v10.$0(OLS)http://semarc/title/7281 850 $aSeMil 852 $aSeMil$W1$xVenegono$y1$m1O III 22$j19986$B19986$CSeMilBibl$Z2$F19988 $81 961 $aOmaggio: Agenzia internazionale 996 $6245$aGiardino, cenere$9(OLS)http://semarc/title/83067 996 $6260$aMilano :$bAdelphi$9(OLS)http://semarc/publisher/30018